000 00668nam a2200229 a 4500
001 BRCA_6740
005 20190320205555.0
008 211011s1945----mx-#######---#000-0#spa-#
041 _aspa
044 _amx
050 4 _aPQ7297
_b.L769 P3
_c1945
100 1 _aLópez Portillo y Rojas, José
_916830
245 1 0 _aLa Parcela
_cJosé López Portillo y Rojas; edición y prólogo de Antonio Castro Leal
260 _aMéxico
_bPorrúa
_c1945
300 _a400 p.
_c19 cm.
440 0 _aEscritores mexicanos
_v11
_916831
500 _aI110
651 4 _aLiteratura mexicana
_916832
700 1 _aCastro Leal, Antonio
_eEditor
_916833
902 _aGFM
942 _2lcc
_cB
999 _c6423
_d6423